000 01227cam a2200337 i 4500
001 10012
003 Mx-PuUPA
005 20251208085649.0
008 140415s2000 mx gr 000 0 spa d
020 _a9686478124
020 _a9789686478129
040 _aMx-PuUPA
_bspa
_cMx-PuUPA
_dMx-PuUPA
_erda
041 0 _aspa
043 _an-mx---
100 1 _aPerdomo Moreno, Abraham,
_914485
_eautor
245 1 0 _aAdministración financiera de inversiones 3 /
_cAbrahám Perdomo Moreno
246 3 8 _aInversiones 3
250 _aPrimera edición
264 1 _aPuebla, Pue. México :
_bEdiciones PEMA,
_c2000
300 _a242 páginas :
_bcálculos, tablas ;
_c22 cm
336 _2rdacontent
_atexto
_btxt
337 _2rdamedia
_asin medio
_bn
338 _2rdacarrier
_avolumen
_bnc
490 0 _aAdministración financiera ;
_v3
500 _a"Inversión en mercados de capitales, de dinero, de metales amonedados, globalización económica y tratados de libre comercio."-- Cubierta
650 7 _2armarc
_aAdministración financiera
650 7 _2armarc
_aAdministración financiera
_xInversiones
_zMéxico
942 _2ddc
_cLI
_h658.150972
_iP42
999 _c10012
_d10012